| 000 | 01229nam a2200313 a 4500 | ||
|---|---|---|---|
| 999 |
_c10142 _d10142 |
||
| 001 | 10142 | ||
| 003 | BD - JhCC | ||
| 005 | 20190321100534.0 | ||
| 008 | 180417s1912 enk 000 0 eng d | ||
| 035 |
_aCURL 020000263391(Edi) from fmpc6 _a(BD - JhCC)10142 |
||
| 040 |
_aBD-JhCC _dBD-JhCC |
||
| 041 | _aeng | ||
| 082 |
_bMIL 1912 _a323.44 |
||
| 100 | 1 |
_aMill, John Stuart, _d1806-1873. |
|
| 245 | 1 | 0 |
_aOn liberty Representative government The subjection of women : _bthree essays / _cby John Stuart Mill ; with an introduction by Millicent Garrett Fawcett. |
| 260 |
_aLondon : _bOxford University Press, _c1912. |
||
| 300 |
_axx, 548 p. ; _c16 cm. |
||
| 500 | _a"In The World's classics first published in one volume in 1912"-- t.p. verso. | ||
| 650 | 0 | _aLiberty. | |
| 650 | 0 | _aRepresentative government and representation. | |
| 650 | 0 | _aWomen's rights. | |
| 700 | 1 |
_aFawcett, Millicent Garrett, _cDame, _d1847-1929. |
|
| 700 | 1 | 2 |
_aMill, John Stuart, _d1806-1873. _tOn liberty. |
| 700 | 1 | 2 |
_aMill, John Stuart, _d1806-1873. _tConsiderations on representative government. |
| 700 | 1 | 2 |
_aMill, John Stuart, _d1806-1873. _tSubjection of women. |
| 830 | 0 |
_aWorld's classics ; _v170. |
|
| 942 |
_2ddc _cBK |
||